Differential Equations /

محفوظ في:
التفاصيل البيبلوغرافية
المؤلف الرئيسي: Ross, Shepley L.
التنسيق: Sách giấy
اللغة:English
منشور في: New York : John Wiley and Sons, 1984
الوسوم: إضافة وسم
لا توجد وسوم, كن أول من يضع وسما على هذه التسجيلة!
Thư viện lưu trữ: Thư viện Trường Đại học Đà Lạt
LEADER 00565nam a2200241 4500
001 DLU020000416
005 ##12/18/1998
020 # # |a 0-471-03294-8 
041 # # |a eng 
082 # # |a 515.35  |b RO-S 
100 # # |a Ross, Shepley L. 
245 # # |a Differential Equations /  |c Shepley L. Ross  
260 # # |a New York :  |b John Wiley and Sons,  |c 1984 
300 # # |a IV, 807 tr.;  |c 25 cm. 
992 # # |a 20000 
994 # # |a DLU 
900 # # |a False 
911 # # |a Administrator 
925 # # |a G 
926 # # |a A 
927 # # |a SH 
980 # # |a Thư viện Trường Đại học Đà Lạt